| 000 | 01547nam0a2200301 4500 | ||
|---|---|---|---|
| 001 | RU\NLR\bibl\1491751 | ||
| 005 | 20260405170314.0 | ||
| 010 |
_a978-5-87623-262-5 _990 |
||
| 021 |
_aRU _b2010-7992 _9526 |
||
| 035 | _a(NLR Aleph) 001483302 | ||
| 090 |
_a1717216 _c1717216 |
||
| 100 | _a20100329d2010 |||y0rusy50 ca | ||
| 101 | 0 |
_arus _aeng |
|
| 102 | _aRU | ||
| 105 | _aa ||||||||| | ||
| 200 | 1 |
_aАнглийский язык. Экономика _eучебно-методическое пособие по научно-техническому переводу, аннотированию и реферированию _fС.Е. Зайцева _gФедер. агентство по образованию, Нац. исслед. технол. ун-т МИСиС, Каф. рус. и иностр. языков и литературы |
|
| 210 |
_aМосква _cИздательский дом МИСиС _d2010 |
||
| 215 |
_a84 с. _cил. _d21 |
||
| 320 | _aБиблиогр.: с. 84 (9 назв.) | ||
| 517 | 0 | _aЭкономика | |
| 606 | 1 |
_aАнглийский язык _jУчебные издания для высших учебных заведений _xПеревод экономический _92585310 _3RU\NLR\auth\661528111 |
|
| 686 | _aШ143.21-93рус3-77 | ||
| 700 | 1 |
_4070 _7ca _8rus _aЗайцева _bС. Е. _cканд. пед. наук _gСерафима Евгеньевна _955024 _3RU\NLR\auth\7772096 |
|
| 801 | 0 |
_aRU _bNLR _c20100329 _gRCR |
|
| 801 | 1 |
_aRU _bNLR _c20100329 |
|
| 942 | _cBOOK | ||
| 980 | _aNB | ||